Theorie der kapitalistischen Entwicklung : eine analytische studie uber die prinzipien der marxschen sozialokonomie

Αποθηκεύτηκε σε:
Λεπτομέρειες βιβλιογραφικής εγγραφής
Κύριος συγγραφέας: Sweezy, Paul M. (Paul Marlor), 1910-2004
Μορφή: Βιβλίο
Γλώσσα:German
English
Δημοσίευση: Frankfurt am Main : Suhrkamp, 1972.
Θέματα:
Ετικέτες: Προσθήκη ετικέτας
Δεν υπάρχουν, Καταχωρήστε ετικέτα πρώτοι!

MARC

LEADER 00000cam a2200000 i 4500
001 1/10280
008 000831s1972 gw | ||| |||| ||ger||
035 |l 10063377 
040 |a GR-MyUA  |b gre  |e AACR2 
041 1 |a ger  |h eng 
082 0 |a 330.122 
100 1 |a Sweezy, Paul M.   |q (Paul Marlor),   |d 1910-2004. 
245 1 0 |a Theorie der kapitalistischen Entwicklung :   |b eine analytische studie uber die prinzipien der marxschen sozialokonomie /   |c Paul M. Sweezy.  
260 |a Frankfurt am Main :   |b Suhrkamp,   |c 1972.  
300 |a 429 σ.  
504 |a Περιέχει ευρετήριο.  
650 0 0 |a Capitalism. 
765 0 8 |i Μετάφραση του:   |t The theory of capitalist development :  
852 |a INST  |b LESVOS  |e 20000831  |h 330.122 SWE  |p 005100023313  |q 005100023313  |t BK  |y 0 
901 |a BIBL1-2000-2 
909 |a Λ  |b 077688 
970 |z 2000/08/ΧΡΥΣΑΝΘΗ